[Event "B90"]
[Site "Cleanchess.com Chrzanow POL"]
[Date "2018.02.13"]
[Round "5.3"]
[White "Pietruszewski,M"]
[Black "Tomczak,Mikolaj"]
[Result "0-1"]
[WhiteElo "2249"]
[BlackElo "2383"]

1.e4 c5 2.Nf3 d6 3.d4 cxd4 4.Nxd4 Nf6 5.Nc3 a6 6.Nb3 Nc6 7.Be2 g6 8.O-O Bg7
9.Re1 O-O 10.Bf1 a5 11.a4 Nb4 12.h3 b6 13.Nd5 Bb7 14.Nxf6+ Bxf6 15.c3 Na6
16.Bh6 Bg7 17.Bxg7 Kxg7 18.Qd4+ e5 19.Qe3 Nc5 20.Nd2 Qc7 21.f3 Rfd8 22.Bb5 f6
23.b4 Ne6 24.Nc4 axb4 25.Nxb6 Rab8 26.Nd5 Bxd5 27.exd5 Nf4 28.c4 h5 29.Kh2 h4
30.Reb1 Qc5 31.Qd2 Rh8 32.Rxb4 Rh5 33.Rb2 Rg5 34.Qd1 Rg3 35.Raa2 g5 36.a5 f5
37.a6 g4 38.fxg4 Qe3 39.Rb3 Qxb3 40.Qxb3 Rxb3 41.a7 Rd8 42.gxf5 e4 43.a8=Q
Rxa8 44.Rxa8 e3 45.Re8 e2 46.c5 Rxb5 47.cxd6 Rxd5 48.g3 Rd2 49.Kg1 hxg3 {#R}
0-1

[Event "B92"]
[Site "Cleanchess.com Aarhus DEN"]
[Date "2018.02.18"]
[Round "9.3"]
[White "Thogersen,Rasmus"]
[Black "Teplyi,I"]
[Result "0-1"]
[WhiteElo "2334"]
[BlackElo "2402"]

1.e4 c5 2.Nf3 d6 3.d4 cxd4 4.Nxd4 Nf6 5.Nc3 a6 6.Be2 e5 7.Nf3 h6 8.Nd2 Be6
9.Nc4 b5 10.Ne3 Nbd7 11.a4 b4 12.Ncd5 a5 13.Bb5 Rc8 14.Nxf6+ Qxf6 15.Nd5 Qg6
16.O-O Qxe4 17.Bxd7+ Bxd7 18.Re1 Qxc2 19.Be3 Qxd1 20.Rexd1 Be7 21.Nb6 Rc2
22.Rd5 Be6 23.Rxa5 O-O 24.Nd5 Bxd5 25.Rxd5 Rxb2 26.a5 Ra8 27.a6 Rxa6 {#R} 0-1

[Event "B92"]
[Site "Cleanchess.com   INT"]
[Date "2018.02.14"]
[Round "6"]
[White "Vaibhav,S"]
[Black "Neiksans,A"]
[Result "1-0"]
[WhiteElo "2542"]
[BlackElo "2582"]

1.e4 c5 2.Nf3 d6 3.d4 cxd4 4.Nxd4 Nf6 5.Nc3 a6 6.Be2 e5 7.Nb3 Be7 8.O-O O-O
9.Re1 Be6 10.Bf3 Nbd7 11.a4 Qb8 12.a5 Rc8 13.Be3 Bd8 14.Nd2 b5 15.axb6 Bxb6
16.Na4 Bxe3 17.Rxe3 Nc5 18.b3 d5 19.Nxc5 Rxc5 20.exd5 Nxd5 21.Re1 Nc3 22.Qc1
Bd5 23.Bxd5 Rxd5 24.Nc4 Qb4 25.Qe3 Rad8 26.Nxe5 Nd1 27.Nc6 Qf8 28.Qf3 {#r} 1-0

[Event "B92"]
[Site "Cleanchess.com   INT"]
[Date "2018.02.14"]
[Round "6"]
[White "Srija,S"]
[Black "Klimakovs,S"]
[Result "1-0"]
[WhiteElo "2203"]
[BlackElo "2309"]

1.e4 c5 2.Nf3 d6 3.d4 cxd4 4.Nxd4 Nf6 5.Nc3 a6 6.Be2 e5 7.Nb3 Be6 8.Bg5 Nbd7
9.a4 h6 10.Be3 Rc8 11.a5 Qc7 12.O-O Be7 13.Qd2 Qc6 14.f3 Bd8 15.Rfd1 Bc7
16.Nd5 Bb8 17.c4 Nh7 18.Rac1 f5 19.exf5 Bxf5 20.c5 Qa4 21.cxd6 Rxc1 22.Rxc1
Qxb3 23.Rc8+ Kf7 24.Bc4 Qxc4 25.Rxc4 Bxd6 26.Nc7 Ke7 27.f4 e4 28.g4 Bxc7
29.Rxc7 Bxg4 30.Bc5+ Kd8 31.Rxb7 Re8 32.Rb8+ {#r} 1-0

[Event "B92"]
[Site "Cleanchess.com   INT"]
[Date "2018.02.14"]
[Round "6"]
[White "Arribas Lopez,A"]
[Black "Smirnov,Ant"]
[Result "0-1"]
[WhiteElo "2483"]
[BlackElo "2527"]

1.e4 c5 2.Nc3 d6 3.Nge2 Nf6 4.d4 cxd4 5.Nxd4 a6 6.Be2 e5 7.Nb3 Be7 8.O-O O-O
9.Re1 b5 10.a4 b4 11.Nd5 Nxd5 12.Qxd5 Ra7 13.Be3 Be6 14.Qd2 Rb7 15.a5 Qd7
16.Nc1 Rc8 17.b3 Qc6 18.Nd3 Qxc2 19.Nxb4 Qxe4 20.Ra4 Qf5 21.Nxa6 Rc2 22.Qd1
Rc3 23.Nxb8 Rxb8 24.Bc4 d5 25.Bd2 Rc2 26.Be2 Rc7 27.a6 Bc5 28.Be3 d4 29.Bd3
Qf6 30.Bd2 Bxb3 31.Qb1 Ba7 32.Rb4 Rxb4 33.Bxb4 Bd5 34.Bxh7+ Kh8 35.Bd3 g6
36.Qb2 Kg7 37.Qd2 Rc8 38.f3 Bc4 39.Bxc4 Rxc4 40.Ba3 Qxa6 41.Bc1 Rc2 42.Qh6+
Kg8 43.Kh1 Qe6 44.Ba3 Rc8 45.Qg5 Re8 46.h4 Qf5 47.Qxf5 gxf5 48.Kg1 e4 49.Kf1
d3 50.Rb1 e3 51.Bb4 Bb8 52.Ra1 Bg3 53.h5 e2+ 54.Kg1 e1=Q+ {#R} 0-1

[Event "B94"]
[Site "Cleanchess.com Neustadt an der Weinstrasse GER"]
[Date "2018.02.12"]
[Round "7.10"]
[White "Petrisor,A"]
[Black "Boehm,Mar"]
[Result "1-0"]
[WhiteElo "2419"]
[BlackElo "2207"]

1.Nf3 d6 2.e4 c5 3.d4 cxd4 4.Nxd4 Nf6 5.Nc3 a6 6.Bg5 Nbd7 7.Bc4 Qa5 8.Qd2 e6
9.Bb3 h6 10.Bh4 g5 11.Bg3 Nh5 12.O-O-O Nxg3 13.hxg3 Nc5 14.Kb1 Bd7 15.f4 O-O-O
16.fxg5 Nxb3 17.cxb3 Qe5 18.Nf3 Qg7 19.Na4 Bxa4 20.bxa4 Be7 21.gxh6 Qxg3 22.h7
Bf6 23.Qh6 Be5 24.Rh3 Qf4 25.Qxf4 Bxf4 26.g3 Be5 27.Nxe5 dxe5 28.Rxd8+ Kxd8
29.Kc2 Ke7 30.Kd3 Kf6 31.Rh5 Kg7 32.Rxe5 Rxh7 33.Rc5 Rh2 34.Kc3 Re2 35.Rc4 a5
36.b3 Kf6 37.Rc7 Rxe4 38.Rxb7 Re3+ 39.Kb2 Rxg3 40.Rb5 e5 41.Rxa5 Kf5 42.Ra7 f6
43.a5 Ke6 44.b4 e4 45.Rc7 Rg2+ 46.Kb3 Kd6 47.Rc1 f5 48.b5 Rg8 49.b6 Rb8 50.Kb4
f4 51.Kb5 e3 52.Rd1+ Ke5 53.a6 {#r} 1-0

[Event "B96"]
[Site "Cleanchess.com   INT"]
[Date "2018.02.14"]
[Round "6"]
[White "Agrest,I"]
[Black "Vachier Lagrave,M"]
[Result "0-1"]
[WhiteElo "2280"]
[BlackElo "2793"]

1.e4 c5 2.Nf3 d6 3.d4 cxd4 4.Nxd4 Nf6 5.Nc3 a6 6.Bg5 e6 7.f4 Qc7 8.Qf3 Nbd7
9.O-O-O b5 10.Bd3 Bb7 11.Rhe1 Qb6 12.Nd5 Qxd4 13.Bxf6 gxf6 14.Bxb5 Qc5 15.b4
Qxb5 16.Nc7+ Ke7 17.Nxb5 axb5 18.Qd3 Ra6 19.Qxb5 Rb6 20.Qc4 Bh6 21.g3 Rc8
22.Qd3 Ba6 23.Qf3 Rxb4 24.Qh5 Bf8 25.e5 fxe5 26.fxe5 Nxe5 27.Rxe5 dxe5 28.a3
Rbc4 29.Rd2 Ke8 30.Qxh7 e4 31.Rf2 R8c7 32.Qh5 e3 33.Re2 Bxa3+ 34.Kd1 Rd4+
35.Ke1 Bb4+ 36.c3 Bxc3+ 37.Kf1 Rd1+ 38.Kg2 Bxe2 39.Qxe2 Rd2 {#R} 0-1

[Event "C00"]
[Site "Cleanchess.com   INT"]
[Date "2018.02.14"]
[Round "6"]
[White "Morris,J"]
[Black "Holt,C"]
[Result "0-1"]
[WhiteElo "2477"]
[BlackElo "2578"]

1.e4 e6 2.Qe2 c5 3.Nf3 Nc6 4.g3 d6 5.Bg2 Nf6 6.O-O Be7 7.c3 O-O 8.d4 d5 9.e5
Ne4 10.dxc5 b6 11.Nd4 Qd7 12.b4 bxc5 13.Nxc6 Qxc6 14.b5 Qb6 15.c4 f6 16.a4
fxe5 17.a5 Qc7 18.Bxe4 dxe4 19.Be3 a6 20.b6 Qc6 21.Nc3 Bb7 22.Qc2 Rad8 23.Qa4
Qc8 24.Rad1 Rd3 25.Ne2 Rfd8 26.Nc1 R3d4 27.Nb3 Rxd1 {#R} 0-1

[Event "C00"]
[Site "Cleanchess.com Newcastle ENG"]
[Date "2018.02.16"]
[Round "4.9"]
[White "Britton,R"]
[Black "Merry,Alan B"]
[Result "0-1"]
[WhiteElo "2255"]
[BlackElo "2438"]

1.e4 e6 2.d3 c5 3.Nf3 d5 4.Qe2 Ne7 5.g3 g6 6.Bg2 Bg7 7.O-O Nbc6 8.c3 h6 9.h4
O-O 10.e5 f6 11.exf6 Rxf6 12.Re1 Qc7 13.Na3 Rf7 14.Be3 e5 15.Nh2 b6 16.Rac1
Bf5 17.b4 cxb4 18.cxb4 Qd6 19.Nb5 Qd7 20.g4 Be6 21.a4 Raf8 22.Rf1 a6 23.Nc7
Qxc7 24.b5 e4 25.dxe4 d4 26.Bd2 Be5 27.f4 Rxf4 28.bxc6 R4f7 29.Nf3 Bxg4 30.Qc4
Bf4 31.Bxf4 Qxf4 32.e5 Qe3+ 33.Kh1 Nf5 34.Rfe1 Ng3+ 35.Kh2 Qf4 36.e6 Ne2+
37.Kh1 Ng3+ 38.Kg1 Re7 39.c7 Rc8 40.Qd5 Ne2+ 41.Kh1 Nxc1 42.Re4 Bxf3 {#R} 0-1

[Event "C00"]
[Site "Cleanchess.com Lutsk UKR"]
[Date "2018.02.16"]
[Round "4.2"]
[White "Roshka,Yevgeniy"]
[Black "Razin,V"]
[Result "0-1"]
[WhiteElo "2358"]
[BlackElo "2379"]

1.e4 e6 2.d3 d5 3.Nd2 Nc6 4.Ngf3 Nf6 5.Be2 e5 6.O-O Bc5 7.c3 a5 8.Qc2 O-O 9.a4
Re8 10.exd5 Nxd5 11.Re1 f6 12.Bf1 Be6 13.Nb3 Ba7 14.Bd2 Qd7 15.Rad1 Qf7 16.Nc1
Rad8 17.Qb1 Bg4 18.Be2 Bf5 19.Nh4 Be6 20.Nf3 h6 21.Bf1 Bg4 22.Be2 Bf5 23.Nh4
Bh7 24.Qc2 e4 25.dxe4 Rxe4 26.Bd3 Rxe1+ 27.Rxe1 Bxd3 28.Nxd3 Qh5 29.Nf3 Qf5
30.Nb4 Qxc2 31.Nxc2 Nb6 32.b3 Nd5 33.c4 Ndb4 34.Bxb4 axb4 35.Kf1 Rd3 36.Rb1
Rc3 37.Nce1 Nd4 38.Nxd4 Bxd4 39.Ke2 c5 40.Nd3 Rc2+ 41.Kf3 Rd2 42.Ke4 f5+
43.Kxf5 Rxd3 44.f4 Rd2 45.g4 Kf7 46.a5 Re2 47.g5 g6+ 48.Kg4 h5+ 49.Kg3 Re3+
50.Kg2 Ke6 51.Rf1 Kf5 52.Rf2 Rxb3 53.Re2 Re3 54.Ra2 b3 {#R} 0-1

[Event "C00"]
[Site "Cleanchess.com   INT"]
[Date "2018.02.14"]
[Round "6"]
[White "Kulkarni,R"]
[Black "Demidov,M"]
[Result "0-1"]
[WhiteElo "2332"]
[BlackElo "2523"]

1.e4 e6 2.d4 d5 3.Bd3 c5 4.exd5 exd5 5.Nf3 c4 6.Be2 Bd6 7.O-O Ne7 8.b3 cxb3
9.axb3 O-O 10.c4 Nbc6 11.Nc3 a6 12.Bg5 f6 13.Bh4 Be6 14.Re1 Bb4 15.Rc1 Bf7
16.c5 Nf5 17.g4 Nxh4 18.Nxh4 b6 19.cxb6 Qxb6 20.Nf5 Rac8 21.Qd3 a5 22.Bf3 Rfd8
23.Re3 Bf8 24.Na4 Qa7 25.Rd1 g6 26.Ng3 Nb4 27.Qb5 Nc2 28.Red3 Rb8 29.Qc6 Rdc8
30.Qxf6 Nb4 31.R3d2 Bh6 32.g5 Bf8 33.h4 Qc7 34.Bg4 Re8 35.Nc5 Bxc5 36.dxc5
Qxc5 37.h5 Qe7 38.hxg6 hxg6 39.Qf4 Qe5 40.Ne2 Qxf4 41.Nxf4 Re5 42.Nh3 Rbe8
43.Kf1 Re4 44.Bf3 Rh4 45.Kg2 Be6 46.Ng1 Rf4 47.Rd4 Rf5 48.Nh3 Re5 49.Bg4 Bf7
50.Kg3 Nc6 51.Rf4 Rb8 52.Rd3 Re4 53.Rf6 Rxg4+ 54.Kf3 Ne5+ 55.Ke3 Nxd3 56.Kxd3
Rxb3+ {#R} 0-1

[Event "C01"]
[Site "Cleanchess.com Lutsk UKR"]
[Date "2018.02.17"]
[Round "3.3"]
[White "Polyakov,M"]
[Black "Stupak,K"]
[Result "0-1"]
[WhiteElo "2402"]
[BlackElo "2559"]

1.e4 e6 2.d4 d5 3.exd5 exd5 4.Nf3 Bg4 5.h3 Bh5 6.c4 Bb4+ 7.Nc3 Nf6 8.Be2 O-O
9.O-O dxc4 10.Bg5 Nbd7 11.Bxc4 Nb6 12.Bb3 Qd6 13.g4 Bg6 14.Ne5 Bxc3 15.bxc3
Ne4 16.Bd2 c5 17.Nxg6 hxg6 18.dxc5 Qxd2 19.cxb6 Qh6 20.Kg2 axb6 21.Qf3 Nc5
22.Rad1 {#R} 0-1

[Event "C01"]
[Site "Cleanchess.com   INT"]
[Date "2018.02.14"]
[Round "6"]
[White "Thavandiran,S"]
[Black "Akobian,V"]
[Result "1-0"]
[WhiteElo "2399"]
[BlackElo "2647"]

1.e4 e6 2.d4 d5 3.exd5 exd5 4.Nf3 Nf6 5.Bd3 c5 6.dxc5 Bxc5 7.O-O O-O 8.Nc3 h6
9.Bf4 Nc6 10.a3 Bg4 11.h3 Bh5 12.g4 Bg6 13.Bxg6 fxg6 14.b4 Bb6 15.Bh2 Ne4
16.Na4 Kh7 17.Nxb6 Qxb6 18.Qxd5 Rxf3 19.Qxe4 Raf8 20.Bd6 R8f7 21.Bc5 Qd8
22.Rad1 Qh4 23.Rd6 Ne7 24.Rd3 R3f4 25.Qxb7 h5 26.Qg2 Ng8 27.Re1 Nf6 28.Rg3 Rc4
29.gxh5 Nxh5 30.Rg4 Qf6 31.Rxc4 Nf4 32.Qg3 Nh5 33.Qh4 Qf3 34.Rg4 Rf6 35.Rg2
Qxa3 36.Qg4 Qc3 37.Re3 Qa1+ 38.Kh2 Qf1 39.Rf3 Ra6 40.Rf8 Qe1 41.Qc8 Qe5+ 42.f4
{#r} 1-0

[Event "C01"]
[Site "Cleanchess.com Lutsk UKR"]
[Date "2018.02.16"]
[Round "9.8"]
[White "Peng,Li Min"]
[Black "Galperin,Platon"]
[Result "0-1"]
[WhiteElo "2320"]
[BlackElo "2332"]

1.e4 e6 2.d4 d5 3.exd5 exd5 4.Nf3 Bd6 5.c4 dxc4 6.Bxc4 Nf6 7.O-O O-O 8.Nc3 Nc6
9.h3 h6 10.Qc2 Ne7 11.Ne5 c6 12.Qb3 Qe8 13.Re1 b5 14.Bf1 Be6 15.Qc2 Rc8 16.Bf4
Qd8 17.a3 Ned5 18.Nxd5 Nxd5 19.Bg3 Qf6 20.Rac1 a6 21.Qd2 Bf5 22.Qa5 c5 23.dxc5
Bxc5 24.Qd2 Nb6 25.b4 Rfd8 26.Qf4 Bd6 27.Rxc8 Rxc8 28.Ng4 Bxg4 29.Qxf6 gxf6
30.Bxd6 Be6 31.Bc5 Na4 32.Bd4 f5 33.Bf6 Nb6 34.Re3 f4 35.Re4 Nd5 36.Be5 Rc1
37.h4 f3 38.Rd4 fxg2 39.Kxg2 f6 40.Bg3 Nc3 41.Rd6 Bd5+ 42.Kh3 Rxf1 43.Rxf6 Ne4
44.Rxh6 Nxf2+ 45.Bxf2 Rxf2 46.Rxa6 Bb3 47.Kg4 Ra2 48.Kg5 Ba4 49.Kg6 Kf8
50.Ra8+ Ke7 51.Ra7+ Ke6 52.Ra6+ Ke5 53.h5 Rxa3 54.Kg7 Rg3+ 55.Kh8 Rh3 56.h6
Kd5 57.Kg7 Bc2 58.Ra7 Kc4 59.Rc7+ Kb3 60.Rc5 Bd3 61.Rc6 {#R} 0-1

[Event "C01"]
[Site "Cleanchess.com Lutsk UKR"]
[Date "2018.02.16"]
[Round "11.6"]
[White "Peng,Li Min"]
[Black "Razin,V"]
[Result "0-1"]
[WhiteElo "2320"]
[BlackElo "2379"]

1.e4 e6 2.d4 d5 3.exd5 exd5 4.Nf3 Nf6 5.Bd3 c5 6.O-O c4 7.Re1+ Be7 8.Bf1 O-O
9.b3 cxb3 10.axb3 Bg4 11.h3 Bh5 12.g4 Bg6 13.Ne5 Nc6 14.Bg2 Re8 15.Bb2 a6
16.Nd2 Rc8 17.c4 Bb4 18.Nxc6 Rxe1+ 19.Qxe1 Rxc6 20.Qd1 Re6 21.Nf3 h5 22.Ne5
hxg4 23.hxg4 Be4 24.f3 Bh7 25.Bh3 Re8 26.Qf1 Nd7 27.Rd1 Nxe5 28.dxe5 Qb6+
29.Kg2 dxc4 30.Qxc4 Bf8 31.Rd7 Bg6 32.Bd4 Qa5 33.Bf2 Qxe5 34.Rxb7 Qe2 35.Qxe2
Rxe2 36.Kf1 Rb2 37.Rb8 Rc2 38.b4 Bd3+ 39.Kg1 Rc1+ 40.Kh2 Rc2 41.Kg3 g5 42.Bc5
Rxc5 43.bxc5 Kg7 44.Rc8 Bb5 45.f4 gxf4+ 46.Kxf4 Bd7 47.Rc7 Be6 48.Bg2 a5 49.g5
a4 50.Ke3 a3 51.Kd4 Kg6 52.Ra7 a2 53.c6 Bg7+ 54.Kc5 a1=Q 55.Be4+ Kxg5 56.Rxa1
Bxa1 57.c7 Be5 58.Kb6 Bc8 59.Kc6 f5 60.Bd3 f4 61.Kb6 f3 62.Kc6 f2 63.Bf1 Kf4
64.Kb6 Ke3 65.Bb5 Kd2 66.Ba6 Bxa6 {#R} 0-1

[Event "C02"]
[Site "Cleanchess.com Djenovici MNE"]
[Date "2018.02.18"]
[Round "2.5"]
[White "Ivanovic,B"]
[Black "Srinath,R"]
[Result "0-1"]
[WhiteElo "2420"]
[BlackElo "2278"]

1.e4 e6 2.d4 d5 3.e5 c5 4.c3 Nc6 5.Nf3 Bd7 6.Bd3 cxd4 7.cxd4 Qb6 8.O-O Nxd4
9.Nxd4 Qxd4 10.Nc3 a6 11.Kh1 Ne7 12.f4 Nc6 13.Qf3 Be7 14.Rd1 Qb6 15.Qg3 g6
16.Bd2 h5 17.Na4 Qd8 18.Rac1 Nxe5 19.fxe5 Bxa4 20.Rf1 Bb5 21.Bxb5+ axb5 22.Qf3
Rh7 23.Qd3 Qd7 24.a3 h4 25.Rf3 Rh5 26.Qc2 Rxe5 27.Rc3 Bd8 28.Qd3 Re4 29.h3
Raa4 30.Qf3 Rac4 31.b3 Rxc3 32.Bxc3 Bg5 33.Rb1 Qc6 34.Bb4 Qc2 35.Qf1 Qe2
36.Qg1 Be3 37.Qh2 Bf4 38.Qg1 d4 39.Re1 Qc2 40.Rf1 e5 41.Rf2 Qc1 {#R} 0-1

[Event "C03"]
[Site "Cleanchess.com Neustadt an der Weinstrasse GER"]
[Date "2018.02.13"]
[Round "8.17"]
[White "Fieberg,Samuel"]
[Black "Harff,M"]
[Result "0-1"]
[WhiteElo "2302"]
[BlackElo "2410"]

1.e4 e6 2.d4 d5 3.Nd2 Be7 4.Bd3 dxe4 5.Nxe4 Nf6 6.Nxf6+ Bxf6 7.Nf3 Nc6 8.c3
Qd6 9.Ng5 Bxg5 10.Bxg5 Qd5 11.Qd2 Bd7 12.O-O h6 13.Be3 O-O-O 14.Qe2 Qd6 15.Qf3
f5 16.Qg3 e5 17.Rae1 f4 18.dxe5 Qxd3 19.Bxf4 Qxg3 20.Bxg3 Be6 21.b3 a5 22.c4
Nd4 {#R} 0-1

[Event "C04"]
[Site "Cleanchess.com   INT"]
[Date "2018.02.14"]
[Round "6"]
[White "Borisek,J"]
[Black "Lopez,Ja"]
[Result "1-0"]
[WhiteElo "2576"]
[BlackElo "2316"]

1.e4 e6 2.d4 d5 3.Nd2 Nc6 4.Ngf3 Nf6 5.e5 Nd7 6.Bd3 Nb4 7.Be2 c5 8.c3 Nc6
9.Bd3 cxd4 10.cxd4 f6 11.exf6 Nxf6 12.O-O Bd6 13.b3 O-O 14.Bb2 Qb6 15.a3 a5
16.Rc1 Bd7 17.Re1 Rae8 18.Nf1 Nh5 19.Ng3 Nf4 20.Bf1 Nd8 21.Rc3 Bb5 22.Bxb5
Qxb5 23.Bc1 g6 24.Ne2 Nc6 25.Nxf4 Bxf4 26.Bxf4 Rxf4 27.Rce3 Nd8 28.g3 Rf5
29.Ne5 Nf7 30.a4 Qb4 31.Nd7 Ng5 32.Kg2 b6 33.h4 Qd6 34.Ne5 Nf7 35.Nd3 Nd8
36.Rf3 Ref8 37.Rxf5 Rxf5 38.Qe2 Nc6 39.Qxe6+ Qxe6 40.Rxe6 Nxd4 41.Rxb6 Rf3
42.Nf4 Rxb3 43.Ra6 Nf5 44.Nxd5 Rd3 45.Rxa5 Nd6 46.Ra8+ Kf7 47.Ra7+ Kf8 48.Nf6
Rd2 49.Nxh7+ Kg8 50.Nf6+ Kf8 51.Rd7 g5 52.hxg5 Rd3 53.g6 {#r} 1-0

[Event "C04"]
[Site "Cleanchess.com   INT"]
[Date "2018.02.14"]
[Round "6"]
[White "Pavasovic,D"]
[Black "Lopez,Ja"]
[Result "1-0"]
[WhiteElo "2540"]
[BlackElo "2316"]

1.e4 e6 2.d4 d5 3.Nd2 Nc6 4.Ngf3 Nf6 5.e5 Nd7 6.Bd3 Nb4 7.Be2 c5 8.c3 Nc6
9.Bd3 h6 10.O-O g5 11.dxc5 Bxc5 12.Nb3 Bb6 13.Re1 Bc7 14.Bb5 g4 15.Nfd4 Ndxe5
16.Rxe5 Bxe5 17.Nxc6 bxc6 18.Bxc6+ Bd7 19.Bxa8 Qxa8 20.Qxg4 Qb8 21.h3 Bb5
22.Be3 Bd3 23.Qa4+ Kf8 24.Bxa7 Qc7 25.Nc5 Bh2+ 26.Kh1 Bf5 27.Bb6 Qf4 28.Qxf4
Bxf4 29.a4 Bd6 30.a5 Ke7 31.a6 Bxc5 32.Bxc5+ Kd7 33.a7 Ra8 34.Bd4 Kc6 35.f3 h5
36.g4 hxg4 37.hxg4 Bd3 38.Kg2 Kb7 39.b4 Rc8 40.Kg3 Ra8 41.Kf4 Rg8 42.Ra2 Bb1
43.Rh2 Bd3 44.Ke5 Bb1 45.Kf6 Bg6 46.Ra2 Ra8 47.Ra5 Rc8 48.f4 Ka8 49.f5 Bh7
50.fxe6 fxe6 51.Kxe6 Be4 52.g5 Rg8 53.Rc5 Kb7 54.Rb5+ Ka6 55.Rb8 Bf5+ 56.Ke5
{#r} 1-0

[Event "C05"]
[Site "Cleanchess.com Leiden NED"]
[Date "2018.02.18"]
[Round "5.4"]
[White "Kevlishvili,Robby"]
[Black "Schippers,Maurice"]
[Result "1-0"]
[WhiteElo "2469"]
[BlackElo "2330"]

1.e4 e6 2.d4 d5 3.Nd2 Nf6 4.e5 Nfd7 5.f4 c5 6.Ngf3 Nc6 7.Nb3 Be7 8.Be3 b6
9.Be2 a5 10.a4 Ba6 11.O-O Bxe2 12.Qxe2 O-O 13.c3 Qc8 14.Qc2 cxd4 15.Nbxd4 Nxd4
16.Nxd4 Bc5 17.Rae1 Bxd4 18.Bxd4 Nc5 19.Rf3 Qc6 20.Rh3 Ne4 21.Qd1 f5 22.exf6
Nxf6 23.Qe2 Rae8 24.b3 Rf7 25.Qe5 Nd7 26.Qg5 Qd6 27.Qh5 Nf8 28.Be5 Qc5+
29.Rhe3 Qa3 30.Bd4 Ra8 31.Qd1 Qd6 32.g3 Re8 33.Qe2 Qc6 34.Re5 Rb8 35.Rg5 Rbb7
36.Qa6 Qc7 37.h4 h6 38.Rge5 Qd6 39.Qb5 Rfc7 40.Kh2 Rf7 41.h5 Qa3 42.R1e2 Qc1
43.Qd3 Qa3 44.Qb5 Qc1 45.Rf2 Qd1 46.Kg2 Qg4 47.f5 Rxf5 48.Rfxf5 exf5 49.Qxd5+
Rf7 50.Re7 Qxh5 51.Bxb6 g5 52.b4 axb4 53.cxb4 f4 54.Qxf7+ Qxf7 55.Rxf7 Kxf7
56.a5 Nd7 57.Bc7 Nf6 58.a6 Nd5 59.Ba5 g4 60.a7 f3+ 61.Kf2 {#r} 1-0

[Event "C07"]
[Site "Cleanchess.com   INT"]
[Date "2018.02.14"]
[Round "6"]
[White "Otchiyev,A"]
[Black "Roberson,P"]
[Result "0-1"]
[WhiteElo "2369"]
[BlackElo "2412"]

1.e4 e6 2.d4 d5 3.Nd2 c5 4.Ngf3 cxd4 5.Nxd4 Nf6 6.exd5 Nxd5 7.N2f3 Bb4+ 8.Bd2
O-O 9.c3 Bd6 10.Bd3 e5 11.Ne2 Re8 12.Bc4 Be6 13.Ng5 Nc7 14.Nxe6 Nxe6 15.O-O
Nc6 16.Ng3 Qc7 17.Nf5 Bf8 18.Qe2 Rad8 19.Rad1 Kh8 20.a3 g6 21.Ng3 Bg7 22.Ba2
f5 23.Bc1 Nf4 24.Qf3 Ne6 25.Rxd8 Qxd8 26.Rd1 Qe7 27.Rd5 e4 28.Qd1 Ne5 29.Bh6
Nd3 30.Bxg7+ Qxg7 31.Qb3 Nef4 32.Rd4 Qe5 33.Qf7 e3 34.Ne4 Ne2+ 35.Kf1 Nxd4
36.cxd4 e2+ {#R} 0-1

[Event "C07"]
[Site "Cleanchess.com Newcastle ENG"]
[Date "2018.02.15"]
[Round "3.12"]
[White "Kanakova,Natalie"]
[Black "Greet,A"]
[Result "0-1"]
[WhiteElo "2245"]
[BlackElo "2458"]

1.e4 e6 2.d4 d5 3.Nd2 c5 4.Ngf3 cxd4 5.Nxd4 Nc6 6.Bb5 Bd7 7.Nxc6 bxc6 8.Bd3
Bd6 9.Qe2 Ne7 10.Nf3 Ng6 11.O-O O-O 12.e5 Bc7 13.Re1 f6 14.Bxg6 hxg6 15.Qd3
Qe8 16.exf6 gxf6 17.Bh6 e5 18.Bxf8 Kxf8 19.c4 Be6 20.cxd5 cxd5 21.Rac1 Bb6
22.Qd2 Kg7 23.b4 Rd8 24.Nxe5 fxe5 25.Rxe5 Qd7 26.Rce1 Bf7 27.h4 Bc7 28.Re7 Qd6
29.Qc3+ d4 30.Qxc7 Qxc7 31.Rxc7 Kf6 32.Rxa7 Bc4 33.Rd1 d3 34.Rd2 Ke5 35.Kf1
Kd4 36.Ke1 Re8+ 37.Kd1 Rh8 38.g3 g5 39.Rg7 gxh4 40.Rg4+ Kc3 41.Rxh4 Ra8
42.Rxc4+ Kxc4 43.Kc1 Re8 44.b5 Kc3 45.Rd1 Re2 46.Rh1 Rb2 47.Rd1 d2+ 48.Rxd2
Rxd2 49.a4 Ra2 50.Kd1 Kd3 51.Kc1 Rxa4 {#R} 0-1

[Event "C07"]
[Site "Cleanchess.com   INT"]
[Date "2018.02.14"]
[Round "6"]
[White "Fedoseev,Vl3"]
[Black "Thavandiran,S"]
[Result "1-0"]
[WhiteElo "2724"]
[BlackElo "2399"]

1.e4 e6 2.d4 d5 3.Nd2 c5 4.Ngf3 Nf6 5.e5 Nfd7 6.c3 Nc6 7.Bd3 Be7 8.O-O a5
9.Re1 c4 10.Bb1 b5 11.Nf1 Nb6 12.Ng3 h5 13.Qd2 b4 14.Qf4 a4 15.Ne2 a3 16.bxa3
b3 17.Qg3 Bf8 18.axb3 cxb3 19.Nd2 Na5 20.Bd3 Ba6 21.Bxa6 Rxa6 22.Rb1 Nbc4
23.Nxb3 Rb6 24.Nd2 Rxb1 25.Nxb1 Nb3 26.Qd3 Nxc1 27.Nxc1 Bxa3 28.Nxa3 Nxa3
29.Qg3 O-O 30.Nd3 Qa5 31.Nf4 h4 32.Qxh4 Qxc3 33.Rd1 Rb8 34.h3 Rb1 35.Rxb1 Nxb1
36.Nh5 Qe1+ 37.Kh2 Nd2 38.Ng3 Qxf2 39.Qg4 Kf8 40.h4 Nf1+ 41.Nxf1 Qxf1 42.Qg5
g6 43.Qe3 Kg7 44.Kg3 Qc4 45.Kg4 Qc2 46.Kh3 Qf5+ 47.g4 Qb1 48.Kg3 Qd1 49.Qf2
Kg8 50.Kf4 Qc1+ 51.Qe3 Qf1+ 52.Kg5 Kg7 53.Qf4 Qxf4+ 54.Kxf4 Kh6 55.Ke3 Kg7
56.Kf4 Kg8 57.Kg5 Kg7 58.h5 gxh5 59.gxh5 Kg8 60.Kf6 Kf8 61.h6 Kg8 62.Ke7 {#r}
1-0

[Event "C10"]
[Site "Cleanchess.com Lutsk UKR"]
[Date "2018.02.17"]
[Round "7.7"]
[White "Bogdanovich,S"]
[Black "Seletsky,G"]
[Result "1-0"]
[WhiteElo "2560"]
[BlackElo "2251"]

1.e4 e6 2.d4 d5 3.Nc3 Nc6 4.e5 Nge7 5.Nf3 Nf5 6.g3 Be7 7.Bg2 b6 8.O-O Ba6
9.Re1 g5 10.g4 Ng7 11.h4 gxh4 12.Bh6 Rg8 13.Kh1 Qd7 14.Qd2 O-O-O 15.Qf4 Rdf8
16.g5 Bd8 17.Nxh4 Ne7 18.Bh3 Kb8 19.Nd1 Ng6 20.Qg4 c5 21.c3 Bd3 22.Ne3 Be7
23.Red1 Nxh4 24.Rxd3 Ng6 25.Bg2 cxd4 26.cxd4 Rc8 27.Bxg7 Rxg7 28.Nxd5 h5
29.gxh6 Rh8 30.Nxe7 Rxh6+ 31.Kg1 Qxe7 32.Qe4 {#r} 1-0

[Event "C10"]
[Site "Cleanchess.com   INT"]
[Date "2018.02.14"]
[Round "6"]
[White "Becerra Rivero,J"]
[Black "Villanueva,Mar"]
[Result "0-1"]
[WhiteElo "2531"]
[BlackElo "2466"]

1.e4 e6 2.d4 d5 3.Nc3 dxe4 4.Nxe4 Bd7 5.Nf3 Bc6 6.Bd3 Nd7 7.O-O Ngf6 8.Ned2
Be7 9.c4 O-O 10.Qe2 b6 11.b3 Bb7 12.Bb2 Re8 13.Rad1 c5 14.dxc5 Nxc5 15.Bc2 Qc7
16.Ne5 Rad8 17.b4 Ncd7 18.a3 Nxe5 19.Bxe5 Qc6 20.Nf3 g6 21.h3 a5 22.Bc3 axb4
23.axb4 Ne4 24.Bxe4 Qxe4 25.Qxe4 Bxe4 26.Rfe1 Bxf3 27.gxf3 Rxd1 28.Rxd1 Rc8
29.Rd4 f6 30.Rd7 Kf8 31.Rd4 e5 32.Re4 Bd6 33.Kf1 Kf7 34.Ke2 f5 35.Rh4 h5 36.c5
Be7 37.Bxe5 Bxh4 38.cxb6 Re8 39.f4 Bf6 {#R} 0-1

[Event "C10"]
[Site "Cleanchess.com Neustadt an der Weinstrasse GER"]
[Date "2018.02.13"]
[Round "8.15"]
[White "Antonio,V"]
[Black "Commercon,S"]
[Result "1-0"]
[WhiteElo "2402"]
[BlackElo "2257"]

1.e4 e6 2.d4 d5 3.Nd2 dxe4 4.Nxe4 Bd7 5.Nf3 Bc6 6.Bd3 Nf6 7.Qe2 Bxe4 8.Bxe4
Nxe4 9.Qxe4 Qd5 10.Qd3 Nc6 11.O-O O-O-O 12.c4 Qh5 13.Be3 Bd6 14.c5 Be7 15.Rfd1
g5 16.b4 g4 17.Ne1 Bf6 18.Nc2 Be5 19.g3 Bf6 20.Qa3 a6 21.b5 axb5 22.Rab1 Qf5
23.Rd2 b4 24.Qa8+ Kd7 25.Qxb7 Rb8 26.Qa6 Qd5 27.Bf4 Ra8 28.Qf1 Rhb8 29.Ne3 Qh5
30.Rbd1 Kc8 31.Qe2 Qg6 32.Nxg4 Ne7 33.Ne3 h5 34.Be5 Bg7 35.f4 Bh6 36.d5 f6
37.Bxc7 Kxc7 38.d6+ Kd7 39.dxe7+ Kxe7 40.Nd5+ Kf7 41.Nc7 Qf5 42.Rd7+ Kg6
43.Nxa8 Rxa8 44.Rc7 Bf8 45.Qf2 Ra5 46.Rc1 Qd5 47.Qc2+ f5 48.Qc4 Rxa2 49.Qxd5
exd5 50.Rb7 h4 51.c6 {#r} 1-0

[Event "C10"]
[Site "Cleanchess.com Neustadt an der Weinstrasse GER"]
[Date "2018.02.12"]
[Round "7.9"]
[White "Fieberg,Samuel"]
[Black "Bao,Q"]
[Result "0-1"]
[WhiteElo "2302"]
[BlackElo "2426"]

1.e4 e6 2.d4 d5 3.Nd2 dxe4 4.Nxe4 Bd7 5.Nf3 Bc6 6.Bd3 Nd7 7.O-O Ngf6 8.Ng3 Be7
9.c4 Bxf3 10.Qxf3 c6 11.b3 Qa5 12.Bc2 O-O 13.a4 Rfe8 14.Bb2 Bf8 15.Rfd1 Qg5
16.a5 a6 17.Bc3 g6 18.Nf1 Bg7 19.Re1 Rad8 20.g3 e5 21.dxe5 Nxe5 22.Bxe5 Rxe5
23.Rxe5 Qxe5 24.Ra2 Bf8 25.Qe3 Qxe3 26.Nxe3 Bc5 27.Kg2 Bxe3 28.fxe3 Rd2+
29.Kf3 Rxh2 30.Bb1 Rxa2 31.Bxa2 Kf8 32.b4 Ke7 33.Bb3 h5 34.Kf4 Nd7 35.Bc2 Kd6
36.Bd3 Ne5 37.Be2 Ke6 38.Ke4 f5+ 39.Kd4 Nd7 40.Bf3 Kd6 41.e4 fxe4 42.Kxe4 Ne5
43.Be2 Nf7 44.Kf4 g5+ 45.Kf5 h4 46.gxh4 gxh4 47.Kg4 Ke5 48.Kxh4 Kd4 49.b5 Kc5
50.bxa6 bxa6 51.Kg3 Nd6 52.Kf2 Nb7 53.Ke3 Nxa5 54.Kd3 Kb4 55.Kd4 c5+ 56.Kd5
Nb3 57.Bd1 Nd2 58.Be2 a5 {#R} 0-1